Sistemas electorales y sistema de partidos políticos en México /

保存先:
書誌詳細
第一著者: Ojesto, Fernando
フォーマット: テキスト
タグ: タグ追加
タグなし, このレコードへの初めてのタグを付けませんか!

MARC

LEADER 00000 a a2200000 04500
001 43585
003
040
100 |a Ojesto, Fernando  
245 |a Sistemas electorales y sistema de partidos políticos en México /  |c Fernando Ojesto  
773 |g páginas 39-45  
999 |c 34724  |d 34724